000 00287nam a2200109Ia 4500
008 200302s9999 xx 000 0 und d
100 _aVon Gerhard Schwab
245 _aWohnen im Eigenen Haus Einfamilienhauser
260 _bkari Kramer Verlag stuttgaart
260 _c1977
300 _a112 P.,
999 _c169
_d169